Αντιπαραθέσεις

Saved in:
Bibliographic Details
Main Author: Φίλιας, Βασίλης Ι., 1927-
Format: Book
Language:Greek
Published: Αθήνα : Gutenberg, 1984
Subjects:
Tags: Add Tag
No Tags, Be the first to tag this record!

MARC

LEADER 00000nam a2200000 i 4500
001 1/40801
008 950526s1984 gre d
035 |l 10025296 
040 |a GR-MY-UA  |b gre  |e aacr 
041 0 |a gre 
082 0 |a 320.9495 
100 1 |a Φίλιας, Βασίλης Ι.,   |d 1927- 
245 1 0 |a Αντιπαραθέσεις /  |c Βασίλης Φίλιας 
260 |a Αθήνα :   |b Gutenberg,   |c 1984 
300 |a 310 σ. 
500 |a Συλλογή 100 άρθρων που δημοσιεύτηκαν στην εφημερίδα "Ελευθεροτυπία" 
650 0 0 |a Political parties  |z Greece. 
651 0 |a Greece  |x Politics and government. 
852 |a INST  |b CHIOS  |e 19960409  |h 320.9495 ΦΙΛ  |p 005200006093  |q 005200006093  |t BK  |y 0 
852 |a INST  |b LESVOS  |e 19950526  |h 320.9495 ΦΙΛ  |p 005100004549  |q 005100004549  |t BK  |y 0 
909 |a Λ  |b 011067 
909 |a Χ  |b 003289